💕Harlequin Romances: Most Common Words in titles Quiz Stats

 Plays Quiz not verified by Sporcle

Score 0/80 Timer 12:00
1 Play Today
Count Word % Correct
189Love
95.7%
1608The
95.1%
404A
94.4%
29An
84%
613Of
78.6%
224In
78.6%
192To
78.2%
72On
74%
103Man
73.9%
168For
73.7%
65Her
72.6%
133And
70.7%
20Woman
67%
53His
65.2%
31Me
64.7%
40Is
63.4%
44No
60.7%
73My
60.6%
100Heart
57.9%
28Night
56.6%
60Girl
54%
36From
52.4%
39One
50.5%
62With
49.8%
44By
43.2%
34Dark
41.8%
28Prince
41.7%
25Sun
41%
89At
40.6%
32Lady
40.5%
22Time
39.8%
82Wife
38.1%
53Wedding
38%
22This
37.9%
29Moon
37%
22All
36.8%
21Rose
36.7%
25Husband
35.7%
85Baby
35.4%
23Black
35.1%
Count Word % Correct
21Sea
35.1%
91Marriage
34.8%
21White
34.6%
23Home
33.6%
50House
33.1%
156Bride
32.9%
20Fire
31%
129Doctor
30.8%
51Summer
29.6%
48Secret
29.4%
28Cowboy
28.6%
21Daughter
26.2%
21Spring
26%
28Dream
23.3%
20Gold
22.6%
28Sweet
20.4%
180Nurse
20.3%
21Silver
18%
41Christmas
16.9%
20Wild
16.4%
21Millionaire
15.4%
58Boss
15.1%
49Island
15%
30Tycoon
15%
33Family
14.6%
35Stranger
14.1%
20Sheikh
11.7%
25Master
11.3%
21Golden
10.6%
29Magic
9.8%
35Hospital
9.7%
22Paradise
9.6%
23Rancher
9%
37Valley
9%
36Proposal
8.9%
25Surgeon
8.7%
22Dear
7.2%
24Return
6.7%
30Outback
5.5%
21Cinderella
3%

You're not logged in!

Compare scores with friends on all Sporcle quizzes.
OR
Log In

Show Comments

Extras

Top Quizzes Today


Score Distribution

Your Account Isn't Verified!

In order to create a playlist on Sporcle, you need to verify the email address you used during registration. Go to your Sporcle Settings to finish the process.

Report this User

Report this user for behavior that violates our Community Guidelines.

Details: